000 00386nam a2200145Ia 4500
005 20250729165751.0
008 250729s2015 xx 000 0 und d
041 _akan
082 _a930.25 KARS
100 _aKarnataka Government
_9232519
245 _aSamaja Vijnana - 9th Std
260 _aBangalore
_bKarnataka Text Book Socity
_c2015
300 _a282p
650 _aHistory
_9232520
999 _c239823
_d239823